000 01592nam a2200493 i 4500
001 24740
003 KOSZ 005
005 20250722063906.0
008 980702s1996 pl a f |000 0 pol
015 _aUWD 1996/5045
020 _a8301120363
035 _a991004016849705066
035 _a(PL-WaBN)b1106819x-48omnis_nlop
035 _ab1106819x
035 _a(OCoLC)749443916
035 _a(PL)b0000001106819
035 _a(EXLNZ-48OMNIS_NETWORK)9910176139105606
040 _aWA N
_cWA N
_dKOSZ 005/EC
041 _apol
046 _k1996
080 _a336.71
080 _a339.13
100 1 _aGrzegorczyk, Wojciech
_d(1956- )
_eAutor
245 1 0 _aStrategie marketingowe banków /
_cWojciech Grzegorczyk ; Fundacja Edukacyjna Przedsiębiorczości.
260 _aWarszawa :
_bWydaw. Naukowe PWN,
_c1996
_e(Łódź :
_fDWN).
300 _a191, [1] s. :
_bwykr. ;
_c21 cm.
336 _aTekst
_btxt
_2rdacontent
337 _aBez urządzenia pośredniczącego
_bn
_2rdamedia
338 _aWolumin
_bnc
_2rdacarrier
380 _aKsiążki
380 _aPublikacje fachowe
388 _a1901-2000
388 _a1989-2000
490 1 _aPrzedsiębiorczość
504 _aBibliogr. s. 189-[192].
650 7 _aBanki
_2DBN
650 7 _aMarketing
658 _aZarządzanie i marketing
710 2 _aWydawnictwo Naukowe PWN
_4pbl
830 0 _aPrzedsiębiorczość (PWN)
856 _uhttp://koha.tu.koszalin.pl/cgi-bin/koha/opac-detail.pl?biblionumber=24740
_yKatalog online BPK
942 _2UKD
_cKS
999 _c24740
_d24740